Exporting Africa (Record no. 91669)

MARC details
000 -LEADER
fixed length control field 01784nam a2200385 a 4500
001 - CONTROL NUMBER
control field vtls003172424
003 - CONTROL NUMBER IDENTIFIER
control field MY-SjTCS
005 - DATE AND TIME OF LATEST TRANSACTION
control field 20200226112225.0
006 - FIXED-LENGTH DATA ELEMENTS--ADDITIONAL MATERIAL CHARACTERISTICS
fixed length control field m u
007 - PHYSICAL DESCRIPTION FIXED FIELD--GENERAL INFORMATION
fixed length control field cr cn|||||||||
008 - FIXED-LENGTH DATA ELEMENTS--GENERAL INFORMATION
fixed length control field 100712s1995 enk sb 001 0 eng
010 ## - LIBRARY OF CONGRESS CONTROL NUMBER
Canceled/invalid LC control number 94-048667
020 ## - INTERNATIONAL STANDARD BOOK NUMBER
Canceled/invalid ISBN 0415126916
035 ## - SYSTEM CONTROL NUMBER
System control number (CaPaEBR)ebr2003671
039 #9 - LEVEL OF BIBLIOGRAPHIC CONTROL AND CODING DETAIL [OBSOLETE]
-- 201007121425
-- VLOAD
040 ## - CATALOGING SOURCE
Original cataloging agency CaPaEBR
Transcribing agency CaPaEBR
050 14 - LIBRARY OF CONGRESS CALL NUMBER
Classification number HF1009.7.A36
Item number E96 1995eb
082 04 - DEWEY DECIMAL CLASSIFICATION NUMBER
Classification number 382/.6/0967
Edition number 20
245 00 - TITLE STATEMENT
Title Exporting Africa
Medium [electronic resource] :
Remainder of title technology, trade, and industrialization in Sub-Saharan Africa /
Statement of responsibility, etc. edited by Samuel M. Wangwe.
260 ## - PUBLICATION, DISTRIBUTION, ETC.
Place of publication, distribution, etc. London ;
-- New York :
Name of publisher, distributor, etc. Routledge ;
Place of publication, distribution, etc. [Tokyo, Japan] :
Name of publisher, distributor, etc. United Nations University ;
Place of publication, distribution, etc. [Maastricht, Netherlands] :
Name of publisher, distributor, etc. INTECH,
Date of publication, distribution, etc. 1995.
300 ## - PHYSICAL DESCRIPTION
Extent ix, 436 p. ;
Dimensions 23 cm.
490 1# - SERIES STATEMENT
Series statement UNU/INTECH studies in new technology and development,
International Standard Serial Number 1359-7922 ;
Volume/sequential designation 4
500 ## - GENERAL NOTE
General note "Published in association with the UNU Press."
504 ## - BIBLIOGRAPHY, ETC. NOTE
Bibliography, etc. note Includes bibliographical references and index.
529 ## -
-- TSLHHL
533 ## - REPRODUCTION NOTE
Type of reproduction Electronic reproduction.
Place of reproduction Palo Alto, Calif. :
Agency responsible for reproduction ebrary,
Date of reproduction 2009.
Note about reproduction Available via World Wide Web.
-- Access may be limited to ebrary affiliated libraries.
650 #0 - SUBJECT ADDED ENTRY--TOPICAL TERM
Topical term or geographic name entry element Exports
Geographic subdivision Africa, Sub-Saharan
Form subdivision Case studies.
650 #0 - SUBJECT ADDED ENTRY--TOPICAL TERM
Topical term or geographic name entry element Business enterprises
Geographic subdivision Africa, Sub-Saharan
Form subdivision Case studies.
650 #0 - SUBJECT ADDED ENTRY--TOPICAL TERM
Topical term or geographic name entry element Competition, International
Form subdivision Case studies.
9 (RLIN) 12101
655 #7 - INDEX TERM--GENRE/FORM
Genre/form data or focus term Electronic books.
Source of term local
700 1# - ADDED ENTRY--PERSONAL NAME
Personal name Wangwe, S. M.
710 2# - ADDED ENTRY--CORPORATE NAME
Corporate name or jurisdiction name as entry element ebrary, Inc.
9 (RLIN) 25628
830 #0 - SERIES ADDED ENTRY--UNIFORM TITLE
Uniform title UNU/INTECH studies in new technology and development
International Standard Serial Number 1359-7922 ;
Volume/sequential designation 4.
856 40 - ELECTRONIC LOCATION AND ACCESS
Uniform Resource Identifier https://ezproxy.taylors.edu.my/login?url=http://site.ebrary.com/lib/taylorscollege/Doc?id=2003671
Public note An electronic book accessible through the World Wide Web; click to view
Holdings
Withdrawn status Lost status Damaged status Not for loan Home library Current library Date acquired Total Checkouts Date last seen Price effective from Koha item type
      e-book Taylor's Library-TU Taylor's Library-TU 07/02/2020   07/02/2020 07/02/2020 E-Book